00785cam a22002417a 4500003000500000005001700005008004100022010001000063011001000073035001000083040000900093100003500102245007700137260010600214300002000320410003500340490003100375650001500406650002900421650002700450810003500477830003100512CHAP20220329142025.0990310d1994 mx r 00010 spa d a77226 a78198 a88063 cCHAP00aGarcía de la Sienra, Adolfo.10aEstructuras, modelos y ultraproductosc/por Adolfo García de la Sienra aMéxico, D.F. :bCentro de Investigación y Docencia Económicas. División de Economía,c1994. a22 h. :banexos21aCIDE. División de Economía 0aDocumento de trabajov; 2414aÁlgebra.14aGruposxTeoría de los.14aModelos matemáticos.00aCIDE. División de Economía0 aDocumento de trabajov; 24